| 000 | 01042cpcaa2200277 a 4500 | ||
|---|---|---|---|
| 001 | mm 79005589 | ||
| 003 | DLC | ||
| 005 | 20260227111651.0 | ||
| 008 | 800102|||||||||||| eng | ||
| 010 | _amm 79005589 | ||
| 040 |
_aDLC _cDLC _dDLC _edacs |
||
| 072 | 7 |
_aW _2lcmd |
|
| 100 | 1 |
_aThorpe, Freeman, _d1844-1922. |
|
| 245 | 0 | 0 |
_aFreeman Thorpe notes, _fundated. |
| 300 |
_a1 _fitem. |
||
| 506 | 0 | _aOpen to research. | |
| 520 | 8 | _aRecollections by Thorpe relating to his sketches made of Abraham Lincoln delivering the Gettysburg Address, November 19, 1863. | |
| 545 | 0 | _aArtist. | |
| 546 | _aCollection material in English. | ||
| 580 | _aForms part of: Miscellaneous Manuscripts collection. | ||
| 600 | 1 | 0 |
_aLincoln, Abraham, _d1809-1865. _tGettysburg address. |
| 651 | 0 |
_aUnited States _xHistory _yCivil War, 1861-1865 _xArt and the war. |
|
| 656 | 7 |
_aArtists. _2itoamc |
|
| 999 |
_c41943 _d41943 |
||